000
00211nam a22000857a 4500
008
161129b xxu||||| |||| 00| 0 eng d
100
_9
1538
_a
Sinha.S
245
_a
The Primary Teacher
260
_a
New Delhi
_b
NCERT
_c
2005
999
_c
4269
_d
4269